Countries of the World in Plague Inc. - Statistics

General Stats
  • This quiz has been taken 30,170 times
  • The average score is 50 of 58
Answers on the Map
Answers color-coded by a green-red scale on the quiz's map according to % correct below.
 
Answer Stats
Country % Correct
United States
99%
Canada
98%
Russia
98%
Brazil
97%
China
97%
Mexico
97%
France
96%
United Kingdom
96%
Argentina
95%
Australia
95%
Germany
95%
India
95%
Spain
95%
Italy
94%
Norway
94%
Sweden
94%
Finland
93%
Japan
93%
Egypt
92%
Iceland
92%
Peru
92%
South Africa
92%
Indonesia
91%
Turkey
91%
Iran
90%
Korea
90%
New Zealand
90%
Poland
90%
Saudi Arabia
90%
Ukraine
90%
Algeria
89%
Bolivia
89%
Colombia
89%
Kazakhstan
89%
Madagascar
89%
Morocco
89%
Iraq
88%
Pakistan
88%
Greenland
87%
Afghanistan
86%
Libya
86%
Philippines
86%
Sudan
85%
Angola
78%
New Guinea
78%
Zimbabwe
77%
Botswana
76%
Central Africa
75%
Central America
74%
East Africa
74%
West Africa
74%
Caribbean
71%
Baltic States
67%
Balkan States
65%
Central Europe
65%
Southeast Asia
64%
Middle East
60%
Central Asia
59%
No matching quizzes found
Score Distribution
Percent of People with Each Score
Percentile by Number Answered
Your Score History
You have not taken this quiz